| 000 | 00443nam a22001577a 4500 | ||
|---|---|---|---|
| 008 | 250204b |||||||| |||| 00| 0 eng d | ||
| 020 | _a9789976569544 | ||
| 040 |
_aKABU _cKABU |
||
| 050 |
_aPL8703 _b.L83 |
||
| 100 | _aLucas, Christopher B. | ||
| 245 |
_aKasi ya karne ya 21 / _cChristopher B. Lucas |
||
| 260 |
_aMwanza, Tanzania _bTridax Africa Company Ltd, _c2021. |
||
| 300 | _avi, 102p. | ||
| 650 | _aKiswahili, Lugha | ||
| 942 |
_2lcc _cBK |
||
| 999 |
_c20608 _d20607 |
||